[Event "BRA-ch sf"]
[Site "Recife"]
[Date "2010.11.01"]
[Round "6"]
[White "De Araujo, Henrique Jose Morai"]
[Black "Brandao, Marcius Gomes"]
[Result "1/2-1/2"]
[WhiteElo "2258"]
[BlackElo "1983"]
[PlyCount "71"]
[EventDate "2010.10.30"]
[EventType "swiss"]
[EventRounds "7"]
[EventCountry "BRA"]
[SourceTitle "EXT 2011"]
[Source "ChessBase"]
[SourceDate "2010.11.26"]
[SourceVersion "1"]
[SourceVersionDate "2010.11.26"]
[SourceQuality "1"]

1. e4 c5 2. Nf3 g6 3. d4 cxd4 4. Nxd4 Nc6 5. Be2 Bg7 6. Be3 Nf6 7. Nc3 d5 8. exd5 Nxd5 9. Nxc6 bxc6 10. Nxd5 Qxd5 11. Bf3 Qc4 12. Qd3 Qxd3 13. cxd3 Bxb2 14. Bxc6+ Bd7 15. Bxa8 Bxa1 16. 0-0 0-0 17. Bd5 Be5 18. Bxa7 Bb5 19. Bc4 Bxc4 20. dxc4 Ra8 21. Be3 Rxa2 22. Rc1 Kf8 23. g3 Ra1 24. Rxa1 Bxa1 25. Kf1 Ke8 26. Ke2 Kd7 27. Kd3 Kd6 28. f4 e5 29. fxe5+ Bxe5 30. Bd4 f5 31. Bxe5+ Kxe5 32. h4 h6 33. Ke3 g5 34. h5 f4+ 35. gxf4+ gxf4+ 36. Kf3 1/2-1/2

[Event "BRA-ch sf"]
[Site "Recife"]
[Date "2010.10.30"]
[Round "1"]
[White "Zallio, Luciano de Souza"]
[Black "De Araujo, Henrique Jose Morai"]
[Result "1-0"]
[WhiteElo "2061"]
[BlackElo "2258"]
[PlyCount "127"]
[EventDate "2010.10.30"]
[EventType "swiss"]
[EventRounds "7"]
[EventCountry "BRA"]
[SourceTitle "EXT 2011"]
[Source "ChessBase"]
[SourceDate "2010.11.26"]
[SourceVersion "1"]
[SourceVersionDate "2010.11.26"]
[SourceQuality "1"]

1. Nf3 Nf6 2. g3 d5 3. c4 c6 4. Bg2 e6 5. 0-0 Be7 6. b3 0-0 7. Bb2 Nbd7 8. Qc2 b6 9. Nc3 Bb7 10. Rac1 Rc8 11. Qb1 c5 12. Rfd1 d4 13. Nb5 a6 14. Na3 Qc7 15. Nc2 e5 16. a3 e4 17. Nfe1 Ne5 18. d3 exd3 19. Nxd3 Bxg2 20. Kxg2 Bd6 21. Nxe5 Bxe5 22. e3 dxe3 23. Nxe3 Rcd8 24. Bxe5 Qxe5 25. Rxd8 Rxd8 26. Rd1 Rd4 27. Rxd4 cxd4 28. Qf5 Qe4+ 29. Qxe4 Nxe4 30. Nf5 d3 31. Kf3 Nd2+ 32. Ke3 Nxb3 33. Kxd3 Kf8 34. Kc3 Nc5 35. Kd4 g6 36. Nd6 Nd7 37. Kd5 Ke7 38. f4 f6 39. Kc6 Kd8 40. a4 f5 41. h3 h5 42. h4 a5 43. Nb7+ Kc8 44. c5 bxc5 45. Nxc5 Nf6 46. Kb5 Kc7 47. Kxa5 Kc6 48. Ne6 Ne4 49. Nf8 Nxg3 50. Nxg6 Ne2 51. Ka6 Nc3 52. a5 Nd5 53. Ka7 Kb5 54. Kb7 Kxa5 55. Kc6 Ne3 56. Kc5 Ka6 57. Kd4 Ng2 58. Ke5 Ne3 59. Ne7 Kb6 60. Nxf5 Ng4+ 61. Ke6 Kc6 62. Ne7+ Kc7 63. f5 Kd8 64. f6 1-0